Libros Sapienciales (Record no. 33531)

MARC details
000 -LEADER
campo de control de longitud fija 00582nam a2200169 i 4500
001 - NÚMERO DE CONTROL
campo de control 33531
003 - IDENTIFICADOR DE NÚMERO DE CONTROL
campo de control ES-MaACL
005 - FECHA Y HORA DE LA ÚLTIMA TRANSACCIÓN
campo de control 20230906154756.0
007 - CAMPO FIJO DE DESCRIPCIÓN FÍSICA--INFORMACIÓN GENERAL
campo de control de longitud fija t|
008 - DATOS DE LONGITUD FIJA--INFORMACIÓN GENERAL
campo de control de longitud fija 030202s1935 sp ||||1| spa d
130 #0 - ENTRADA PRINCIPAL--TÍTULO UNIFORME
Título uniforme Biblia.
Nombre de parte o sección de la obra A.T.
-- Salmos.
Lenguaje de la obra Español.
9 (RLIN) 119277
245 10 - MENCIÓN DEL TÍTULO
Título Libros Sapienciales
Resto del título : El libro de los Salmos : [Ecclesiastés]. Versión según el texto hebreo /
Mención de responsabilidad, etc. Ruperto Mª de Manresa.
260 ## - PUBLICACIÓN, DISTRIBUCIÓN, ETC.
Lugar de publicación, distribución, etc. Barcelona :
Nombre del editor, distribuidor, etc. José Bosch,
Fecha de publicación, distribución, etc. 1935 (
Fabricante Hijos de J. Thomas)
300 ## - DESCRIPCIÓN FÍSICA
Extensión 2 v. ;
Dimensiones 20 cm.
700 1# - ENTRADA AGREGADA--NOMBRE PERSONAL
Nombre de persona Manresa, Ruperto María.
9 (RLIN) 76089
852 ## - LOCALIZACIÓN
Ubicación ES-MaACL
Número de control de estantería C-9283-4
Holdings
Estatus retirado Estado de pérdida Estado de daño No para préstamo Biblioteca de origen Biblioteca actual Ubicación en estantería Fecha de adquisición Fuente de adquisición Total de préstamos Signatura topográfica completa Código de barras Visto por última vez Precio de reemplazo Tipo de ítem Koha
        Biblioteca del Ateneo de Madrid Biblioteca del Ateneo de Madrid Sala Palomar 17/01/2008     C-9283-4 1034890 23/02/2023 23/02/2023 Libro impreso